Report of the Backward Classes Commission, Karnataka (Record no. 489087)

000 -LEADER
fixed length control field 00408cam a22001337a 4500
008 - FIXED-LENGTH DATA ELEMENTS--GENERAL INFORMATION
fixed length control field 180718b1975 xxu||||| |||| 00| 0 eng d
082 ## - DEWEY DECIMAL CLASSIFICATION NUMBER
Classification number BA27x5444 K147
100 ## - MAIN ENTRY--PERSONAL NAME
Personal name Karnataka. Backward Classes Commission
245 ## - TITLE STATEMENT
Title Report of the Backward Classes Commission, Karnataka
260 ## - PUBLICATION, DISTRIBUTION, ETC.
Place of publication, distribution, etc. Bangalore
Name of publisher, distributor, etc. The author
Date of publication, distribution, etc. 1975
300 ## - PHYSICAL DESCRIPTION
Extent 4v.
500 ## - GENERAL NOTE
General note Chairman: L.G. Havanur
700 ## - ADDED ENTRY--PERSONAL NAME
Personal name Havanur, L.G. (Chairman)
Holdings
Withdrawn status Lost status Damaged status Not for loan Permanent Location Current Location Date acquired Full call number Barcode Date last seen Price effective from Koha item type
        Indian Institute of Public Administration Indian Institute of Public Administration 2018-08-04 BA27x5444 K147 G13779 2018-08-04 2018-08-04 G
        Indian Institute of Public Administration Indian Institute of Public Administration 2018-08-04 BA27x5444 K147 G13778 2018-08-04 2018-08-04 G
        Indian Institute of Public Administration Indian Institute of Public Administration 2018-08-04 BA27x5444 K147 G13777 2018-08-04 2018-08-04 G
        Indian Institute of Public Administration Indian Institute of Public Administration 2018-08-04 BA27x5444 K147 G13776 2018-08-04 2018-08-04 G
        Indian Institute of Public Administration Indian Institute of Public Administration 2018-08-04 BA27x5444 K147 G13775 2018-08-04 2018-08-04 G

Powered by Koha